000
00328 a2200145 4500
001
169348
020
_a
040
_c
Magnum
100
_a
Salovey, Peter (Org.)
240
1
0
_a
Inteligencia emocional da crianca
_l
por
245
1
0
_a
Inteligencia emocional da crianca
362
0
_a
1899
697
_a
SEM ASSUNTO
942
_c
BK
999
_c
169348
_d
169348